Online Catalogue and eLibrary

Motherhood: (Record no. 1688)

MARC details
000 -LEADER
fixed length control field 00459nam a2200181Ia 4500
005 - DATE AND TIME OF LATEST TRANSACTION
control field 20250206010100.0
008 - FIXED-LENGTH DATA ELEMENTS--GENERAL INFORMATION
fixed length control field 240331s9999 xx 000 0 und d
020 ## - INTERNATIONAL STANDARD BOOK NUMBER
ISBN 0863582117
082 ## - DDC Classification
Item Number - Author Mark PRI
DDC Edition Number 3552
Class No. 305.4
100 ## - MAIN ENTRY--PERSONAL NAME
Personal name Price, J
245 #0 - TITLE STATEMENT
Title Motherhood:
Remainder of title What it Does To Your Mind
260 ## - PUBLICATION, DISTRIBUTION, ETC.
Place of publication, distribution, etc. London;
-- Sydney;
-- Wellington
Name of publisher, distributor, etc. Pandora Press
Date of publication, distribution, etc. 1988
300 ## - PHYSICAL DESCRIPTION
Extent (e.g. Volumes, Pages etc.) ix, 155 p.,
650 ## - SUBJECT ADDED ENTRY--TOPICAL TERM
Topical term or geographic name entry element Motherhood
650 ## - SUBJECT ADDED ENTRY--TOPICAL TERM
Topical term or geographic name entry element Women
650 ## - SUBJECT ADDED ENTRY--TOPICAL TERM
Topical term or geographic name entry element Family
942 ## - Koha item type (Biblio)
Koha item type Books in Stacks (Lending)
Holdings
Lost status Damaged status Collection code Home library Current library Shelving location Date acquired Full call number Accession Number Item type
    Lending WERC Library WERC Library Social Science Cupboard 03/31/2024 305.4 PRI 3552 Books in Stacks (Lending)

© WERC Library